00731nam a2200241 a 4500001001300000003000900013005001700022008004100039020000900080082001600089100002300105245006800128260003000196300001000226500003500236505003400271650001600305700002300321902000800344942000700352952011500359999001500474nice12345678IN_TiNIC20260116012505.0050524s1982 dela grp 000 0 eng  ac6500a340.59bSHA aShabbir, Lmohammad aAuthority and Authenticity of Hadith as a Source of Islamic Law aDelhibKitab Bhavanc1982 a131p. aincludes index and biblioraphy2 aappend, bib. gloss and index. aIslamic-Law1 aShabbir, Lmohammad bSRS cBK 001040708StackRoom-aHMIbHMId2010-08-11g65.00l0o340.59 SHAp011236r2010-08-11v65.00w2005-05-24yBK c7213d7213